[Event "Bregenz Bodensee Seniors op"]
[Site "Bregenz"]
[Date "2024.05.10"]
[Round "6"]
[White "Remensberger, Hansuli"]
[Black "Christen, Pierre"]
[Result "1-0"]
[WhiteElo "2051"]
[BlackElo "1928"]
[PlyCount "85"]
[EventDate "2024.05.05"]
[EventType "swiss"]
[EventRounds "7"]
[EventCountry "AUT"]
[SourceTitle "CBM 220 Extra"]
[Source "ChessBase"]
[SourceDate "2024.07.31"]
[SourceVersion "1"]
[SourceVersionDate "2024.07.31"]
[SourceQuality "1"]

1. c4 c5 2. Nf3 Nc6 3. d4 cxd4 4. Nxd4 e5 5. Nc2 Nf6 6. Nc3 Bc5 7. e3 0-0 8. Be2 d6 9. 0-0 Bf5 10. a3 a5 11. b3 Qd7 12. Bb2 Rfd8 13. Ne1 d5 14. Na4 Qe7 15. Nxc5 Qxc5 16. Nd3 Bxd3 17. Qxd3 e4 18. Qc3 d4 19. exd4 Nxd4 20. Qe3 Nxe2+ 21. Qxe2 Qc6 22. Rad1 Nd7 23. Qd2 Qb6 24. Qc3 Nf6 25. Rfe1 Rxd1 26. Rxd1 Re8 27. Qe3 Qe6 28. Bxf6 gxf6 29. Qg3+ Kh8 30. Rd6 Qe7 31. Qf4 Kg7 32. Kf1 Rd8 33. c5 b6 34. b4 axb4 35. axb4 bxc5 36. bxc5 Ra8 37. g3 Ra1+ 38. Kg2 Ra2 39. Qg4+ Kf8 40. Qc8+ Kg7 41. Rd8 f5 42. Rg8+ Kf6 43. Re8 1-0

[Event "Bregenz Bodensee Seniors op"]
[Site "Bregenz"]
[Date "2024.05.08"]
[Round "4"]
[White "Remensberger, Hansuli"]
[Black "Lassahn, Holger"]
[Result "1-0"]
[WhiteElo "2051"]
[BlackElo "1963"]
[PlyCount "120"]
[EventDate "2024.05.05"]
[EventType "swiss"]
[EventRounds "7"]
[EventCountry "AUT"]
[SourceTitle "CBM 220 Extra"]
[Source "ChessBase"]
[SourceDate "2024.07.31"]
[SourceVersion "1"]
[SourceVersionDate "2024.07.31"]
[SourceQuality "1"]

1. c4 c5 2. Nf3 g6 3. Nc3 Bg7 4. d4 cxd4 5. Nxd4 Nc6 6. Nc2 Nf6 7. e4 d6 8. Be2 0-0 9. Be3 b6 10. Qd2 Bb7 11. f3 Rc8 12. 0-0 Qc7 13. Rac1 Rfd8 14. Rfd1 Ne5 15. b3 Ba8 16. Nb4 Qb8 17. Bf1 Re8 18. Rc2 a5 19. Nd3 Nxd3 20. Bxd3 Nd7 21. a3 Nc5 22. Rb1 Qc7 23. Bf1 Bc6 24. b4 axb4 25. axb4 Nd7 26. Rbc1 Ra8 27. Nd5 Qb7 28. Qf2 Rab8 29. Nc3 Qc7 30. Ra2 Ra8 31. Nd5 Bxd5 32. cxd5 Rxa2 33. Qxa2 Qb7 34. Qc2 h6 35. Bb5 Rb8 36. Kf2 Ne5 37. h3 g5 38. g3 e6 39. f4 gxf4 40. gxf4 Ng6 41. dxe6 fxe6 42. Qc7 Qxc7 43. Rxc7 d5 44. exd5 exd5 45. Rd7 Rf8 46. Kg3 Bc3 47. Bd3 d4 48. Bxd4 Be1+ 49. Kh2 Rxf4 50. Bxg6 Bxb4 51. Rd8+ Rf8 52. Rd7 Rf4 53. Kg3 Rf1 54. Bd3 Re1 55. Bxb6 Re7 56. Bc4+ Kg7 57. Bd4+ Kg6 58. Rd8 Ba5 59. Rg8+ Kf5 60. Rf8+ Kg6 1-0

[Event "Bregenz Bodensee Seniors op"]
[Site "Bregenz"]
[Date "2024.05.05"]
[Round "1"]
[White "Ganslmayer, Anton"]
[Black "Remensberger, Hansuli"]
[Result "0-1"]
[WhiteElo "1827"]
[BlackElo "2051"]
[PlyCount "118"]
[EventDate "2024.05.05"]
[EventType "swiss"]
[EventRounds "7"]
[EventCountry "AUT"]
[SourceTitle "CBM 220 Extra"]
[Source "ChessBase"]
[SourceDate "2024.07.31"]
[SourceVersion "1"]
[SourceVersionDate "2024.07.31"]
[SourceQuality "1"]

1. Nf3 e6 2. c4 b6 3. g3 Bb7 4. Bg2 g6 5. Nc3 Nf6 6. d3 Bg7 7. Qc2 Nc6 8. a3 Nd4 9. Qd1 Nxf3+ 10. Bxf3 Bxf3 11. exf3 c5 12. Bf4 0-0 13. 0-0 d5 14. Qc2 Nh5 15. Bd2 Qd7 16. Kg2 Rfd8 17. Rad1 Rac8 18. g4 Nf6 19. Qc1 Qb7 20. h3 Rd7 21. Bg5 Ne8 22. Rfe1 Nc7 23. Bf4 Rcd8 24. Ne2 e5 25. Bg3 Ne6 26. Nc3 dxc4 27. dxc4 Rxd1 28. Rxd1 Rd4 29. Nd5 Kf8 30. Re1 f6 31. b3 Kf7 32. h4 Rd3 33. Re3 Rd4 34. Re1 Nc7 35. Nc3 Qc6 36. Qc2 Qd7 37. Re2 Ne6 38. Nd5 h6 39. Bh2 Rxd5 40. cxd5 Nd4 41. Qc4 Nxe2 42. d6+ Kf8 43. Qxe2 Qxd6 44. Qe4 Kf7 45. Qb7+ Qe7 46. Qd5+ Kf8 47. Qa8+ Kf7 48. Qd5+ Qe6 49. Qb7+ Kg8 50. Qa8+ Kh7 51. Qxa7 Qxb3 52. g5 hxg5 53. hxg5 Qe6 54. Qc7 fxg5 55. Qd8 Qf6 56. Qc8 Qf5 57. Qc7 e4 58. Qxb6 exf3+ 59. Kh1 Qh3 0-1

[Event "Bad Woerishofen Seniors op 39th"]
[Site "Bad Woerishofen"]
[Date "2024.03.11"]
[Round "4"]
[White "Schatz, Christian"]
[Black "Remensberger, Hansuli"]
[Result "1/2-1/2"]
[WhiteElo "2182"]
[BlackElo "2024"]
[PlyCount "31"]
[EventDate "2024.03.08"]
[EventType "swiss"]
[EventRounds "9"]
[EventCountry "GER"]
[SourceTitle "CBM 219 Extra"]
[Source "ChessBase"]
[SourceDate "2024.05.31"]
[SourceVersion "1"]
[SourceVersionDate "2024.05.31"]
[SourceQuality "1"]

1. c4 b6 2. Nc3 Bb7 3. d4 e6 4. e4 Bb4 5. Bd3 f5 6. Qe2 Nf6 7. Bg5 Bxc3+ 8. bxc3 fxe4 9. Bxe4 Bxe4 10. Bxf6 Qxf6 11. Qxe4 0-0 12. Nf3 Nc6 13. 0-0 Qf5 14. Rfe1 Rae8 15. Re2 Qxe4 16. Rxe4 1/2-1/2

[Event "Rottach Egern Seniors Cup 11th"]
[Site "Rottach Egern"]
[Date "2023.04.18"]
[Round "4"]
[White "Hanewinkel, Martin"]
[Black "Remensberger, Hansuli"]
[Result "0-1"]
[WhiteElo "1908"]
[BlackElo "2080"]
[PlyCount "68"]
[EventDate "2023.04.15"]
[EventType "swiss"]
[EventRounds "9"]
[EventCountry "GER"]
[SourceTitle "EXT 2024"]
[Source "ChessBase"]
[SourceDate "2023.10.10"]
[SourceVersion "1"]
[SourceVersionDate "2023.10.10"]
[SourceQuality "1"]

1. d4 e6 2. Nf3 c5 3. c3 d5 4. Bf4 Nc6 5. e3 Nf6 6. Nbd2 Nh5 7. Bg3 Bd7 8. Bd3 g6 9. Bh4 Be7 10. Bxe7 Qxe7 11. g4 Ng7 12. Ne5 Nxe5 13. dxe5 h5 14. gxh5 Rxh5 15. f4 Qh4+ 16. Ke2 Bc6 17. Qg1 0-0-0 18. Nf3 Qe7 19. Rd1 Qe8 20. Ng5 Nf5 21. e4 dxe4 22. Bxe4 Bxe4 23. Rxd8+ Kxd8 24. Nxe4 Qb5+ 25. Ke1 Qd3 26. Qg2 Qb1+ 27. Kf2 Qxb2+ 28. Kg1 Qb1+ 29. Kf2 Qxa2+ 30. Kg1 Qb1+ 31. Kf2 Qc2+ 32. Kg1 Qc1+ 33. Qf1 Qe3+ 34. Qf2 Qxe4 0-1

[Event "Rottach Egern Seniors Cup 11th"]
[Site "Rottach Egern"]
[Date "2023.04.15"]
[Round "1"]
[White "Remensberger, Hansuli"]
[Black "Klein, Gernot"]
[Result "1-0"]
[WhiteElo "2080"]
[BlackElo "1776"]
[PlyCount "197"]
[EventDate "2023.04.15"]
[EventType "swiss"]
[EventRounds "9"]
[EventCountry "GER"]
[SourceTitle "EXT 2024"]
[Source "ChessBase"]
[SourceDate "2023.10.10"]
[SourceVersion "1"]
[SourceVersionDate "2023.10.10"]
[SourceQuality "1"]

1. c4 e6 2. Nf3 d5 3. e3 c5 4. cxd5 exd5 5. d4 Nc6 6. Nc3 Nf6 7. Be2 Bd6 8. 0-0 0-0 9. dxc5 Bxc5 10. Na4 Be7 11. b3 Bf5 12. Bb2 Rc8 13. Rc1 Re8 14. Nd4 Be4 15. Nc3 Bg6 16. Bf3 Ne5 17. Be2 Nc6 18. Bb5 Bd6 19. Be2 h6 20. Ncb5 Bb8 21. Nf3 Qd7 22. Nh4 a6 23. Nxg6 fxg6 24. Nd4 Qd6 25. g3 h5 26. Nf3 Qe6 27. Qd3 Ne4 28. Rfd1 Rcd8 29. Kg2 Rf8 30. Rf1 Rf7 31. Nd4 Nxd4 32. Qxd4 Rdf8 33. f4 Re8 34. Bf3 Nf6 35. Rfe1 Bc7 36. Qd3 Ne4 37. Rcd1 Rd8 38. Bd4 Rfd7 39. Rc1 Qh3+ 40. Kg1 Qe6 41. Re2 Qe7 42. Rec2 Bd6 43. Bb6 Re8 44. Qxd5+ Kh8 45. Rc8 Nf6 46. Rxe8+ Qxe8 47. Qc4 Ba3 48. Rc2 Ng4 49. Qc8 Qxc8 50. Rxc8+ Kh7 51. h3 Nh6 52. Rd8 Re7 53. Kf2 Nf7 54. Rc8 Bd6 55. e4 Re6 56. Bd4 h4 57. e5 hxg3+ 58. Kxg3 Bb4 59. Be4 Nh6 60. Kf3 Nf5 61. Bf2 Re7 62. Rc4 a5 63. Bc5 Bxc5 64. Rxc5 b6 65. Rd5 Kg8 66. Bxf5 gxf5 67. Ke3 Kf7 68. Rd6 b5 69. Rd5 Rb7 70. a3 Ke6 71. Kd4 Rb8 72. Rd6+ Ke7 73. Kc5 b4 74. a4 Rh8 75. Rg6 Kf7 76. Rg3 Rc8+ 77. Kd4 Rd8+ 78. Ke3 Rc8 79. Kd2 Rc7 80. Rd3 Rc8 81. Rd5 Rc3 82. Rd3 Rc8 83. Ke3 Rh8 84. Kd4 Rd8+ 85. Kc4 Rc8+ 86. Kb5 Rc3 87. Rd7+ Ke6 88. Rxg7 Rxh3 89. Rg6+ Ke7 90. Kxa5 Rxb3 91. Rb6 Re3 92. Rxb4 Ke6 93. Kb5 Kd5 94. a5 Re4 95. a6 Re1 96. a7 Ra1 97. Ra4 Rb1+ 98. Ka6 Kc6 99. a8Q+ 1-0

[Event "Bodensee Seniors op 6th"]
[Site "Bregenz"]
[Date "2022.05.26"]
[Round "5"]
[White "Remensberger, Hansuli"]
[Black "Bauder, Herbert"]
[Result "1/2-1/2"]
[WhiteElo "2104"]
[BlackElo "1952"]
[PlyCount "106"]
[EventDate "2022.05.22"]
[EventType "swiss"]
[EventRounds "7"]
[EventCountry "AUT"]
[SourceTitle "CBM 208 Extra"]
[Source "ChessBase"]
[SourceDate "2022.07.31"]
[SourceVersion "1"]
[SourceVersionDate "2022.07.31"]
[SourceQuality "1"]

1. c4 c5 2. Nf3 Nc6 3. d4 cxd4 4. Nxd4 Nf6 5. Nc3 g6 6. e4 Nxd4 7. Qxd4 d6 8. Be2 Bg7 9. Be3 0-0 10. Qd2 Qa5 11. f3 Re8 12. Rc1 Be6 13. b3 Rec8 14. 0-0 Nd7 15. Rfd1 a6 16. Nd5 Qxd2 17. Rxd2 Kf8 18. Rdc2 Rab8 19. g4 b5 20. Nf4 b4 21. Nd5 a5 22. Kg2 Nc5 23. Nf4 Bd7 24. Nd3 a4 25. Nxc5 dxc5 26. Rd1 Be6 27. f4 f5 28. gxf5 gxf5 29. e5 axb3 30. axb3 Ra8 31. Bf3 Ra3 32. Rb1 Bf7 33. Bc1 Ra7 34. Rd2 e6 35. Rd3 Be8 36. Be3 Ke7 37. Rb2 Bf8 38. Kg3 Kf7 39. Rbd2 Be7 40. Rb2 Bc6 41. Rbd2 Bxf3 42. Kxf3 Rc6 43. Rd7 Rcc7 44. Rxc7 Rxc7 45. Ra2 Rd7 46. Ke2 Rc7 47. Ra6 Bf8 48. Bf2 Be7 49. Ra8 Kg7 50. Ra6 Kf7 51. Kf3 Rd7 52. Ke2 Rc7 53. Ra8 Kg7 1/2-1/2

[Event "Bodensee Seniors op 6th"]
[Site "Bregenz"]
[Date "2022.05.23"]
[Round "2"]
[White "Speicher, Franz"]
[Black "Remensberger, Hansuli"]
[Result "0-1"]
[WhiteElo "1850"]
[BlackElo "2104"]
[PlyCount "72"]
[EventDate "2022.05.22"]
[EventType "swiss"]
[EventRounds "7"]
[EventCountry "AUT"]
[SourceTitle "CBM 208 Extra"]
[Source "ChessBase"]
[SourceDate "2022.07.31"]
[SourceVersion "1"]
[SourceVersionDate "2022.07.31"]
[SourceQuality "1"]

1. d4 e6 2. Nf3 c5 3. e3 Nf6 4. Bd3 b6 5. Nbd2 Bb7 6. 0-0 d5 7. b3 Bd6 8. Bb2 Nc6 9. Ne5 0-0 10. a3 Qc7 11. f4 Ne7 12. Rc1 Ne4 13. c4 Nf5 14. Qe2 f6 15. Ng4 Qe7 16. cxd5 exd5 17. Bxe4 dxe4 18. Nc4 Ba6 19. dxc5 Bxc5 20. b4 Bd6 21. Qd2 Qe6 22. Nxd6 Nxd6 23. Rfd1 Nc4 24. Rxc4 Bxc4 25. Nf2 Bb3 26. Rc1 Rfd8 27. Qe2 Rac8 28. Rc3 Rxc3 29. Bxc3 Bc4 30. Qb2 Bd3 31. g4 Qc6 32. g5 Rc8 33. Bd4 fxg5 34. Bxg7 gxf4 35. Ng4 Qc1+ 36. Kg2 Qf1# 0-1

[Event "Rottach Egern Seniors Cup 10th"]
[Site "Rottach Egern"]
[Date "2022.04.02"]
[Round "8"]
[White "Remensberger, Hansuli"]
[Black "Cordts, Ingo"]
[Result "1/2-1/2"]
[WhiteElo "2065"]
[BlackElo "2227"]
[PlyCount "32"]
[EventDate "2022.03.26"]
[EventType "swiss"]
[EventRounds "9"]
[EventCountry "GER"]
[SourceTitle "CBM 207 Extra"]
[Source "ChessBase"]
[SourceDate "2022.05.31"]
[SourceVersion "1"]
[SourceVersionDate "2022.05.31"]
[SourceQuality "1"]

1. c4 e6 2. Nf3 d5 3. g3 dxc4 4. Bg2 a6 5. 0-0 Nf6 6. Qc2 b5 7. Ne5 Nd5 8. d3 cxd3 9. Nxd3 Bb7 10. Nc3 Nd7 11. Nxd5 exd5 12. Nf4 Nf6 13. Rd1 c6 14. e4 Be7 15. exd5 cxd5 16. Qb3 0-0 1/2-1/2

[Event "Baden Wuerttemberg-ch Seniors 65+ op"]
[Site "Freudenstadt"]
[Date "2019.07.09"]
[Round "5"]
[White "Remensberger, Hansuli"]
[Black "Kioschies, Johann"]
[Result "1-0"]
[WhiteElo "1981"]
[BlackElo "2053"]
[PlyCount "65"]
[EventDate "2019.07.05"]
[EventType "swiss"]
[EventRounds "9"]
[EventCountry "GER"]
[SourceTitle "EXT 2020"]
[Source "ChessBase"]
[SourceDate "2019.10.17"]
[SourceVersion "1"]
[SourceVersionDate "2019.10.17"]
[SourceQuality "1"]

1. Nf3 c5 2. c4 g6 3. Nc3 Bg7 4. e3 d6 5. d4 cxd4 6. exd4 Nf6 7. Be2 0-0 8. 0-0 b6 9. b3 Bb7 10. Bb2 Na6 11. Qd2 d5 12. Rfd1 Nc7 13. Rac1 Ne6 14. Ne5 Rc8 15. Bf3 h6 16. g3 Ng5 17. Bg2 Kh7 18. Qe3 Kg8 19. h4 Nge4 20. Nxe4 Nxe4 21. cxd5 Rxc1 22. Rxc1 Nf6 23. Nc6 Qa8 24. Nxe7+ Kh7 25. Nc6 Re8 26. Qd3 Bc8 27. d6 Bf5 28. Qc4 Qb7 29. Ne5 Ne4 30. Qxf7 Qb8 31. Rc7 Rg8 32. Bxe4 Bxe4 33. Nd7 1-0

[Event "Bad Wiessee Senioren Cup 8th"]
[Site "Bad Wiessee"]
[Date "2019.05.17"]
[Round "7"]
[White "Remensberger, Hansuli"]
[Black "Streiter, Manfred"]
[Result "1-0"]
[WhiteElo "1981"]
[BlackElo "1886"]
[PlyCount "103"]
[EventDate "2019.05.11"]
[EventType "swiss"]
[EventRounds "9"]
[EventCountry "GER"]
[SourceTitle "EXT 2020"]
[Source "ChessBase"]
[SourceDate "2019.10.17"]
[SourceVersion "1"]
[SourceVersionDate "2019.10.17"]
[SourceQuality "1"]

1. Nf3 Nf6 2. c4 c5 3. Nc3 Nc6 4. d4 cxd4 5. Nxd4 g6 6. e4 d6 7. Be2 Nxd4 8. Qxd4 Bg7 9. Be3 0-0 10. Qd2 a5 11. f3 Be6 12. 0-0 a4 13. Rac1 Qa5 14. Nd5 Bxd5 15. Qxa5 Rxa5 16. cxd5 Rb8 17. Bb6 Raa8 18. Bb5 a3 19. b3 Rc8 20. g3 Kf8 21. Kf2 Bh6 22. Rc4 Rxc4 23. bxc4 Bd2 24. Rb1 Bc3 25. Rb3 Bb2 26. Ke3 e5 27. dxe6 fxe6 28. Rd3 d5 29. cxd5 exd5 30. exd5 Ng8 31. d6 Bf6 32. d7 Bd8 33. Bc5+ Kg7 34. Rxa3 Rxa3+ 35. Bxa3 Ne7 36. Ke4 Kf6 37. Bc4 Nc6 38. Bd6 Bb6 39. f4 h5 40. h3 g5 41. Bd5 gxf4 42. gxf4 Nd8 43. f5 Ba5 44. Bc4 Nc6 45. Bb5 Nd8 46. Bg3 Ke7 47. Be5 Nf7 48. f6+ Kd8 49. Kf5 h4 50. Bf4 Bc7 51. Bxc7+ Kxc7 52. Ke6 1-0

[Event "Bad Wiessee Senioren Cup 8th"]
[Site "Bad Wiessee"]
[Date "2019.05.14"]
[Round "4"]
[White "Remensberger, Hansuli"]
[Black "Roth, Heinz Georg"]
[Result "1/2-1/2"]
[WhiteElo "1981"]
[BlackElo "1822"]
[PlyCount "82"]
[EventDate "2019.05.11"]
[EventType "swiss"]
[EventRounds "9"]
[EventCountry "GER"]
[SourceTitle "EXT 2020"]
[Source "ChessBase"]
[SourceDate "2019.10.17"]
[SourceVersion "1"]
[SourceVersionDate "2019.10.17"]
[SourceQuality "1"]

1. d4 d6 2. g3 Nd7 3. Bg2 e5 4. c4 c6 5. Nc3 Be7 6. Nf3 f5 7. e4 fxe4 8. Nxe4 Ngf6 9. Nfg5 Nf8 10. dxe5 Nxe4 11. Nxe4 dxe5 12. Qxd8+ Kxd8 13. Bg5 Ne6 14. Rd1+ Ke8 15. Be3 Bb4+ 16. Ke2 Ke7 17. a3 Ba5 18. b4 Bc7 19. Rd2 Rd8 20. Rhd1 Rxd2+ 21. Rxd2 Bd7 22. a4 a6 23. a5 h6 24. h4 Rd8 25. Bf3 Be8 26. Rxd8 Bxd8 27. Kd3 Bg6 28. Kc3 Bxe4 29. Bxe4 Kd6 30. f3 Bf6 31. b5 Nd4 32. bxa6 bxa6 33. Kd3 Nb3 34. Bb6 Nc5+ 35. Kc3 Nxe4+ 36. fxe4 c5 37. h5 Be7 38. Kd3 Ke6 39. Ke3 Kf6 40. Kf3 Ke6 41. Kg4 Kf6 1/2-1/2

[Event "Bad Woerishofen op 34th"]
[Site "Bad Woerishofen"]
[Date "2018.02.23"]
[Round "1"]
[White "Remensberger, Hansuli"]
[Black "Pirrot, Dieter"]
[Result "0-1"]
[WhiteElo "2033"]
[BlackElo "2364"]
[PlyCount "64"]
[EventDate "2018.02.23"]
[EventType "swiss"]
[EventRounds "9"]
[EventCountry "GER"]
[SourceTitle "CBM 183 Extra"]
[Source "ChessBase"]
[SourceDate "2018.04.19"]
[SourceVersion "1"]
[SourceVersionDate "2018.04.19"]
[SourceQuality "1"]

1. d4 Nf6 2. Bg5 e6 3. Nd2 c5 4. e3 h6 5. Bh4 Nc6 6. Ngf3 d5 7. c3 Bd6 8. Bg3 0-0 9. Bd3 b6 10. Ne5 Bb7 11. 0-0 Qc7 12. f4 Ne7 13. Qf3 Nf5 14. Bf2 Be7 15. g4 Nd6 16. h4 Nfe4 17. Bxe4 dxe4 18. Qh3 Ba6 19. Rfe1 Kh7 20. h5 Bf6 21. Bg3 Rad8 22. Bh4 Bxh4 23. Qxh4 f6 24. Ng6 Rfe8 25. Qg3 Qc6 26. Qg2 Bb7 27. Nf1 Nf7 28. Rad1 Qa4 29. a3 e5 30. fxe5 fxe5 31. Qf2 Ng5 32. Qf5 Bc8 0-1

[Event "Zuoz Engiadina op 24th"]
[Site "Zuoz"]
[Date "2017.10.14"]
[Round "7"]
[White "Fecker, Noah"]
[Black "Remensberger, Hansuli"]
[Result "1-0"]
[WhiteElo "2195"]
[BlackElo "2073"]
[PlyCount "109"]
[EventDate "2017.10.07"]
[EventType "swiss"]
[EventRounds "7"]
[EventCountry "SUI"]
[SourceTitle "CBM 181 Extra"]
[Source "ChessBase"]
[SourceDate "2017.12.12"]
[SourceVersion "1"]
[SourceVersionDate "2017.12.12"]
[SourceQuality "1"]

1. e4 e6 2. d4 d5 3. Nc3 Bb4 4. exd5 exd5 5. Bd3 Nc6 6. a3 Ba5 7. Nge2 Bg4 8. f3 Bh5 9. 0-0 Nge7 10. Na4 0-0 11. b4 Bb6 12. Nc5 Rb8 13. Bg5 Bg6 14. Bxg6 hxg6 15. Re1 Re8 16. Kh1 a6 17. c3 Bxc5 18. dxc5 Qd7 19. Bxe7 Rxe7 20. Nf4 Rbe8 21. Rxe7 Nxe7 22. Qd2 Qf5 23. Re1 Kf8 24. g4 Qd7 25. Kg2 g5 26. Nh5 Ng6 27. Rxe8+ Qxe8 28. Kf2 Qe5 29. Ng3 Nf4 30. Qe3 Qf6 31. Nf5 g6 32. Qd4 Qxd4+ 33. Nxd4 Ke7 34. Ke3 c6 35. a4 Kf6 36. Nb3 Ne6 37. Na5 Nd8 38. Kd4 Ne6+ 39. Ke3 Nd8 40. c4 Ke5 41. b5 dxc4 42. Nxb7 cxb5 43. axb5 Ne6 44. bxa6 Kd5 45. a7 Nc7 46. Nd8 Kxc5 47. Nxf7 Kb4 48. Kd2 Kb3 49. Nxg5 c3+ 50. Kc1 Kc4 51. h4 Kd5 52. h5 gxh5 53. gxh5 Ke5 54. h6 Kf6 55. h7 1-0

[Event "Bad Woerishofen op 33rd"]
[Site "Bad Woerishofen"]
[Date "2017.03.15"]
[Round "6"]
[White "De Santis, Alessio"]
[Black "Remensberger, Hansuli"]
[Result "1-0"]
[WhiteElo "2219"]
[BlackElo "2049"]
[PlyCount "55"]
[EventDate "2017.03.10"]
[EventType "swiss"]
[EventRounds "9"]
[EventCountry "GER"]
[SourceTitle "EXT 2018"]
[Source "ChessBase"]
[SourceDate "2017.10.13"]
[SourceVersion "1"]
[SourceVersionDate "2017.10.13"]
[SourceQuality "1"]

1. b3 d5 2. Bb2 Bg4 3. f3 Bf5 4. e3 e6 5. Ne2 Nf6 6. Ng3 Bg6 7. Be2 Bd6 8. Nc3 a6 9. 0-0 h5 10. Bd3 Rh6 11. Qe1 Bxd3 12. cxd3 Ng4 13. fxg4 hxg4 14. Nce2 Qh4 15. Kf2 e5 16. Rh1 Nd7 17. Kg1 g6 18. d4 e4 19. a4 c6 20. Ba3 Bc7 21. Qf2 Rh7 22. Kf1 0-0-0 23. Nxe4 dxe4 24. Qxh4 Rxh4 25. Be7 Rxh2 26. Rxh2 Bxh2 27. Bxd8 Kxd8 28. g3 1-0

[Event "Bad Woerishofen op 33rd"]
[Site "Bad Woerishofen"]
[Date "2017.03.13"]
[Round "4"]
[White "Englert, Fabian"]
[Black "Remensberger, Hansuli"]
[Result "1-0"]
[WhiteElo "2377"]
[BlackElo "2049"]
[PlyCount "49"]
[EventDate "2017.03.10"]
[EventType "swiss"]
[EventRounds "9"]
[EventCountry "GER"]
[SourceTitle "EXT 2018"]
[Source "ChessBase"]
[SourceDate "2017.10.13"]
[SourceVersion "1"]
[SourceVersionDate "2017.10.13"]
[SourceQuality "1"]

1. e4 e6 2. d4 d5 3. Nd2 Nc6 4. c3 e5 5. dxe5 dxe4 6. Qe2 Qd5 7. Nxe4 Bf5 8. Ng3 Be6 9. f4 Nh6 10. Nf3 0-0-0 11. Be3 Bc5 12. Bxc5 Qxc5 13. Qf2 Qd5 14. h3 f6 15. Be2 fxe5 16. fxe5 Kb8 17. 0-0 Nxe5 18. Rad1 Nxf3+ 19. Bxf3 Qb5 20. b3 Nf7 21. c4 Qe5 22. Rde1 Qf6 23. Bxb7 Qxf2+ 24. Rxf2 Ng5 25. Ne4 1-0

[Event "Bad Woerishofen op 32nd"]
[Site "Bad Woerishofen"]
[Date "2016.02.26"]
[Round "1"]
[White "Remensberger, Hansuli"]
[Black "Pezerovic, Edin"]
[Result "0-1"]
[WhiteElo "2010"]
[BlackElo "2423"]
[PlyCount "64"]
[EventDate "2016.02.26"]
[EventType "swiss"]
[EventRounds "9"]
[EventCountry "GER"]
[SourceTitle "CBM 171 Extra"]
[Source "ChessBase"]
[SourceDate "2016.04.26"]
[SourceVersion "1"]
[SourceVersionDate "2016.04.26"]
[SourceQuality "1"]

1. d4 d5 2. c4 c6 3. Nf3 Nf6 4. e3 Bf5 5. Nc3 e6 6. Nh4 Bg6 7. Be2 Nbd7 8. Qb3 Qb6 9. Nxg6 hxg6 10. c5 Qc7 11. g3 b6 12. cxb6 axb6 13. Bd2 Be7 14. Rc1 Qa7 15. a3 0-0 16. Qd1 b5 17. Na2 Rfc8 18. 0-0 Nb6 19. Bb4 Nc4 20. Bxe7 Qxe7 21. Qc2 Rc7 22. Nb4 Ne4 23. Bxc4 bxc4 24. f3 Nd6 25. Rce1 Nb5 26. Qd2 c5 27. Na2 cxd4 28. exd4 Qd6 29. Nc3 Nxc3 30. Qxc3 Rb7 31. Rc1 Rb3 32. Qd2 Qb6 0-1

[Event "Bad Woerishofen op 28th"]
[Site "Bad Woerishofen"]
[Date "2012.03.07"]
[Round "6"]
[White "Remensberger, Hansuli"]
[Black "Schiffer, Steve"]
[Result "1/2-1/2"]
[WhiteElo "2018"]
[BlackElo "2121"]
[PlyCount "90"]
[EventDate "2012.03.02"]
[EventType "swiss"]
[EventRounds "9"]
[EventCountry "GER"]
[SourceTitle "EXT 2019"]
[Source "ChessBase"]
[SourceDate "2018.10.10"]
[SourceVersion "1"]
[SourceVersionDate "2018.10.10"]
[SourceQuality "1"]

1. d4 Nf6 2. Bg5 c5 3. Bxf6 gxf6 4. d5 d6 5. g3 Qb6 6. Qc1 h5 7. Nf3 Bh6 8. e3 Bf5 9. Nbd2 Nd7 10. Bg2 Ne5 11. 0-0 Ng6 12. h4 Qc7 13. a4 Qd7 14. Kh2 Ne5 15. Nxe5 fxe5 16. Qd1 Bg4 17. f3 Bf5 18. e4 Bg6 19. Bh3 Qc7 20. Nc4 Rf8 21. Qd3 Bh7 22. a5 f5 23. Qe2 0-0-0 24. a6 b6 25. b4 Kb8 26. bxc5 Qxc5 27. Nb2 Rc8 28. c4 Rc7 29. exf5 Bxf5 30. Bxf5 Rxf5 31. Qe4 Rf6 32. Rab1 Qe3 33. Qxe3 Bxe3 34. Nd3 Rxc4 35. Nb4 Rf7 36. Rb3 Bc5 37. Nc6+ Ka8 38. Nd8 Rf6 39. Ne6 Rc2+ 40. Kh3 Ra2 41. Rbb1 Kb8 42. g4 hxg4+ 43. fxg4 Ra3+ 44. Kg2 Ra2+ 45. Kh3 Ra3+ 1/2-1/2

[Event "Zuerich op-A 35th"]
[Site "Zuerich"]
[Date "2011.12.29"]
[Round "6"]
[White "Lampert, Jonas"]
[Black "Remensberger, Hansuli"]
[Result "1-0"]
[WhiteElo "2147"]
[BlackElo "2013"]
[PlyCount "33"]
[EventDate "2011.12.26"]
[EventType "swiss"]
[EventRounds "7"]
[EventCountry "SUI"]
[SourceTitle "CBM 146 Extra"]
[Source "ChessBase"]
[SourceDate "2012.02.29"]
[SourceVersion "1"]
[SourceVersionDate "2012.02.29"]
[SourceQuality "1"]

1. e4 e6 2. d4 d5 3. Nc3 Nc6 4. e5 f6 5. Bb5 Bd7 6. Nf3 Qe7 7. 0-0 Qf7 8. Qe2 0-0-0 9. Bd2 Nge7 10. Rfe1 fxe5 11. Nxe5 Nxe5 12. Qxe5 c6 13. Bf4 Qxf4 14. Qxf4 cxb5 15. a4 bxa4 16. Nxa4 Nf5 17. Nb6+ 1-0